000 00275nam a22001217a 4500
008 181012b xxu||||| |||| 00| 0 eng d
041 _aeng
080 _25th
_a159.9
100 _a48
101 _aPSI
245 _aGateways to Readable Books
_cWithrow,D.E
942 _2udc
_cBK
999 _c49590
_d49590